Statistics for Γρήγορη Μαθηματικά - Διαίρεση

Click here to take the quiz!

General Stats

  • This quiz has been taken 131 times
  • The average score is 9 of 20

Answer Stats

πρόβλημαλύση% Correct
3 ÷ 31
100%
30 ÷ 301
100%
15 ÷ 151
100%
6 ÷ 61
100%
100 ÷ 1001
100%
13 ÷ 131
100%
35 ÷ 351
100%
46 ÷ 461
100%
350 ÷ 3510
100%
70 ÷ 710
100%
170 ÷ 1710
100%
303 ÷ 3101
100%
202 ÷ 2101
100%
212 ÷ 2106
100%
66 ÷ 611
100%
286 ÷ 2611
100%
440 ÷ 4011
100%
363 ÷ 3311
100%
275 ÷ 2511
100%
132 ÷ 1211
100%
319 ÷ 2911
100%
77 ÷ 711
100%
330 ÷ 3110
100%
560 ÷ 5112
100%
565 ÷ 5113
100%
238 ÷ 2119
100%
595 ÷ 5119
100%
36 ÷ 312
100%
216 ÷ 1812
100%
240 ÷ 2120
100%
366 ÷ 3122
100%
246 ÷ 2123
100%
372 ÷ 3124
100%
384 ÷ 3128
100%
258 ÷ 2129
100%
403 ÷ 3113
100%
221 ÷ 1713
100%
117 ÷ 913
100%
247 ÷ 1913
100%
260 ÷ 2130
100%
396 ÷ 3132
100%
266 ÷ 2133
100%
392 ÷ 2814
100%
196 ÷ 1414
100%
423 ÷ 3141
100%
426 ÷ 3142
100%
292 ÷ 2146
100%
75 ÷ 515
100%
160 ÷ 1016
100%
256 ÷ 1616
100%
48 ÷ 316
100%
324 ÷ 2162
100%
238 ÷ 1417
100%
340 ÷ 2170
100%
519 ÷ 3173
100%
358 ÷ 2179
100%
234 ÷ 1318
100%
54 ÷ 318
100%
216 ÷ 1218
100%
180 ÷ 1018
100%
540 ÷ 3180
100%
360 ÷ 2180
100%
570 ÷ 3019
100%
266 ÷ 1419
100%
57 ÷ 319
100%
585 ÷ 3195
100%
18 ÷ 92
100%
36 ÷ 182
100%
66 ÷ 332
100%
46 ÷ 232
100%
10 ÷ 52
100%
40 ÷ 202
100%
30 ÷ 152
100%
64 ÷ 322
100%
62 ÷ 312
100%
26 ÷ 132
100%
92 ÷ 462
100%
440 ÷ 2220
100%
340 ÷ 1720
100%
400 ÷ 2020
100%
63 ÷ 321
100%
426 ÷ 2213
100%
428 ÷ 2214
100%
432 ÷ 2216
100%
330 ÷ 1522
100%
220 ÷ 1022
100%
286 ÷ 1322
100%
440 ÷ 2022
100%
454 ÷ 2227
100%
464 ÷ 2232
100%
480 ÷ 2024
100%
120 ÷ 524
100%
486 ÷ 2243
100%
496 ÷ 2248
100%
250 ÷ 1025
100%
100 ÷ 425
100%
208 ÷ 826
100%
528 ÷ 2264
100%
162 ÷ 627
100%
81 ÷ 327
100%
544 ÷ 2272
100%
364 ÷ 1328
100%
196 ÷ 728
100%
564 ÷ 2282
100%
572 ÷ 2286
100%
145 ÷ 529
100%
116 ÷ 429
100%
584 ÷ 2292
100%
150 ÷ 503
100%
87 ÷ 293
100%
24 ÷ 83
100%
129 ÷ 433
100%
66 ÷ 223
100%
150 ÷ 530
100%
120 ÷ 430
100%
600 ÷ 2030
100%
310 ÷ 1031
100%
352 ÷ 1132
100%
64 ÷ 232
100%
66 ÷ 233
100%
132 ÷ 433
100%
360 ÷ 1036
100%
222 ÷ 637
100%
390 ÷ 1039
100%
44 ÷ 114
100%
88 ÷ 224
100%
92 ÷ 234
100%
240 ÷ 640
100%
360 ÷ 940
100%
160 ÷ 440
100%
410 ÷ 1041
100%
504 ÷ 1242
100%
84 ÷ 242
100%
180 ÷ 445
100%
135 ÷ 345
100%
360 ÷ 845
100%
92 ÷ 246
100%
423 ÷ 947
100%
94 ÷ 247
100%
470 ÷ 1047
100%
240 ÷ 548
100%
490 ÷ 1049
100%
55 ÷ 115
100%
50 ÷ 105
100%
140 ÷ 285
100%
30 ÷ 65
100%
70 ÷ 145
100%
104 ÷ 252
100%
260 ÷ 552
100%
159 ÷ 353
100%
162 ÷ 354
100%
216 ÷ 454
100%
540 ÷ 1054
100%
220 ÷ 455
100%
550 ÷ 1055
100%
495 ÷ 955
100%
280 ÷ 556
100%
224 ÷ 456
100%
112 ÷ 256
100%
570 ÷ 1057
100%
406 ÷ 758
100%
236 ÷ 459
100%
186 ÷ 316
100%
180 ÷ 306
100%
198 ÷ 336
100%
234 ÷ 396
100%
168 ÷ 286
100%
204 ÷ 346
100%
420 ÷ 760
100%
366 ÷ 661
100%
122 ÷ 261
100%
434 ÷ 762
100%
252 ÷ 463
100%
128 ÷ 264
100%
260 ÷ 465
100%
132 ÷ 266
100%
203 ÷ 297
100%
49 ÷ 77
100%
56 ÷ 87
100%
210 ÷ 370
100%
490 ÷ 770
100%
284 ÷ 471
100%
370 ÷ 574
100%
375 ÷ 575
100%
150 ÷ 275
100%
192 ÷ 248
100%
48 ÷ 68
100%
160 ÷ 208
100%
40 ÷ 58
100%
480 ÷ 680
100%
400 ÷ 580
100%
162 ÷ 281
100%
252 ÷ 384
100%
258 ÷ 386
100%
180 ÷ 209
100%
252 ÷ 289
100%
63 ÷ 79
100%
72 ÷ 89
100%
90 ÷ 109
100%
423 ÷ 479
100%
144 ÷ 169
100%
540 ÷ 690
100%
360 ÷ 490
100%
184 ÷ 292
100%
372 ÷ 493
100%
188 ÷ 294
100%
192 ÷ 296
100%
392 ÷ 498
100%
294 ÷ 398
100%
98 ÷ 249
67%
17 ÷ 171
50%
14 ÷ 141
50%
312 ÷ 3104
50%
55 ÷ 511
50%
456 ÷ 4114
50%
96 ÷ 812
50%
72 ÷ 612
50%
381 ÷ 3127
50%
278 ÷ 2139
50%
420 ÷ 3140
50%
165 ÷ 1115
50%
332 ÷ 2166
50%
344 ÷ 2172
50%
534 ÷ 3178
50%
120 ÷ 620
50%
588 ÷ 2821
50%
48 ÷ 224
50%
240 ÷ 1024
50%
520 ÷ 2026
50%
84 ÷ 328
50%
132 ÷ 443
50%
217 ÷ 731
50%
155 ÷ 531
50%
525 ÷ 1535
50%
320 ÷ 840
50%
175 ÷ 355
50%
488 ÷ 861
50%
400 ÷ 508
50%
64 ÷ 88
50%
595 ÷ 1735
33%
376 ÷ 847
33%
43 ÷ 431
0%
2 ÷ 21
0%
32 ÷ 321
0%
11 ÷ 111
0%
18 ÷ 181
0%
33 ÷ 331
0%
31 ÷ 311
0%
50 ÷ 501
0%
29 ÷ 291
0%
8 ÷ 81
0%
7 ÷ 71
0%
4 ÷ 41
0%
22 ÷ 221
0%
9 ÷ 91
0%
23 ÷ 231
0%
19 ÷ 191
0%
5 ÷ 51
0%
28 ÷ 281
0%
47 ÷ 471
0%
25 ÷ 251
0%
44 ÷ 441
0%
39 ÷ 391
0%
38 ÷ 381
0%
45 ÷ 451
0%
40 ÷ 401
0%
16 ÷ 161
0%
12 ÷ 121
0%
37 ÷ 371
0%
21 ÷ 211
0%
41 ÷ 411
0%
26 ÷ 261
0%
36 ÷ 361
0%
34 ÷ 341
0%
49 ÷ 491
0%
27 ÷ 271
0%
20 ÷ 201
0%
24 ÷ 241
0%
10 ÷ 101
0%
42 ÷ 421
0%
48 ÷ 481
0%
180 ÷ 1810
0%
60 ÷ 610
0%
260 ÷ 2610
0%
280 ÷ 2810
0%
410 ÷ 4110
0%
270 ÷ 2710
0%
240 ÷ 2410
0%
250 ÷ 2510
0%
230 ÷ 2310
0%
120 ÷ 1210
0%
110 ÷ 1110
0%
290 ÷ 2910
0%
190 ÷ 1910
0%
160 ÷ 1610
0%
30 ÷ 310
0%
480 ÷ 4810
0%
360 ÷ 3610
0%
200 ÷ 2010
0%
470 ÷ 4710
0%
210 ÷ 2110
0%
460 ÷ 4610
0%
370 ÷ 3710
0%
130 ÷ 1310
0%
450 ÷ 4510
0%
40 ÷ 410
0%
380 ÷ 3810
0%
440 ÷ 4410
0%
100 ÷ 1010
0%
390 ÷ 3910
0%
140 ÷ 1410
0%
420 ÷ 4210
0%
150 ÷ 1510
0%
400 ÷ 4010
0%
20 ÷ 210
0%
430 ÷ 4310
0%
500 ÷ 5010
0%
300 ÷ 3010
0%
220 ÷ 2210
0%
310 ÷ 3110
0%
80 ÷ 810
0%
320 ÷ 3210
0%
50 ÷ 510
0%
90 ÷ 910
0%
330 ÷ 3310
0%
490 ÷ 4910
0%
340 ÷ 3410
0%
600 ÷ 6100
0%
200 ÷ 2100
0%
400 ÷ 4100
0%
500 ÷ 5100
0%
300 ÷ 3100
0%
404 ÷ 4101
0%
505 ÷ 5101
0%
204 ÷ 2102
0%
408 ÷ 4102
0%
306 ÷ 3102
0%
510 ÷ 5102
0%
206 ÷ 2103
0%
309 ÷ 3103
0%
515 ÷ 5103
0%
412 ÷ 4103
0%
208 ÷ 2104
0%
416 ÷ 4104
0%
520 ÷ 5104
0%
210 ÷ 2105
0%
525 ÷ 5105
0%
420 ÷ 4105
0%
315 ÷ 3105
0%
424 ÷ 4106
0%
318 ÷ 3106
0%
530 ÷ 5106
0%
214 ÷ 2107
0%
428 ÷ 4107
0%
321 ÷ 3107
0%
535 ÷ 5107
0%
432 ÷ 4108
0%
324 ÷ 3108
0%
216 ÷ 2108
0%
540 ÷ 5108
0%
327 ÷ 3109
0%
436 ÷ 4109
0%
545 ÷ 5109
0%
218 ÷ 2109
0%
473 ÷ 4311
0%
209 ÷ 1911
0%
352 ÷ 3211
0%
451 ÷ 4111
0%
374 ÷ 3411
0%
385 ÷ 3511
0%
484 ÷ 4411
0%
396 ÷ 3611
0%
341 ÷ 3111
0%
330 ÷ 3011
0%
462 ÷ 4211
0%
242 ÷ 2211
0%
33 ÷ 311
0%
231 ÷ 2111
0%
550 ÷ 5011
0%
253 ÷ 2311
0%
539 ÷ 4911
0%
264 ÷ 2411
0%
528 ÷ 4811
0%
418 ÷ 3811
0%
407 ÷ 3711
0%
429 ÷ 3911
0%
495 ÷ 4511
0%
517 ÷ 4711
0%
297 ÷ 2711
0%
506 ÷ 4611
0%
308 ÷ 2811
0%
220 ÷ 2011
0%
22 ÷ 211
0%
88 ÷ 811
0%
44 ÷ 411
0%
99 ÷ 911
0%
110 ÷ 1011
0%
143 ÷ 1311
0%
198 ÷ 1811
0%
187 ÷ 1711
0%
154 ÷ 1411
0%
176 ÷ 1611
0%
121 ÷ 1111
0%
165 ÷ 1511
0%
550 ÷ 5110
0%
440 ÷ 4110
0%
220 ÷ 2110
0%
444 ÷ 4111
0%
333 ÷ 3111
0%
555 ÷ 5111
0%
222 ÷ 2111
0%
448 ÷ 4112
0%
336 ÷ 3112
0%
224 ÷ 2112
0%
226 ÷ 2113
0%
452 ÷ 4113
0%
339 ÷ 3113
0%
570 ÷ 5114
0%
228 ÷ 2114
0%
342 ÷ 3114
0%
230 ÷ 2115
0%
345 ÷ 3115
0%
575 ÷ 5115
0%
460 ÷ 4115
0%
348 ÷ 3116
0%
232 ÷ 2116
0%
580 ÷ 5116
0%
464 ÷ 4116
0%
585 ÷ 5117
0%
234 ÷ 2117
0%
468 ÷ 4117
0%
351 ÷ 3117
0%
472 ÷ 4118
0%
236 ÷ 2118
0%
590 ÷ 5118
0%
354 ÷ 3118
0%
476 ÷ 4119
0%
357 ÷ 3119
0%
456 ÷ 3812
0%
348 ÷ 2912
0%
228 ÷ 1912
0%
444 ÷ 3712
0%
600 ÷ 5012
0%
60 ÷ 512
0%
204 ÷ 1712
0%
168 ÷ 1412
0%
252 ÷ 2112
0%
276 ÷ 2312
0%
120 ÷ 1012
0%
540 ÷ 4512
0%
264 ÷ 2212
0%
180 ÷ 1512
0%
516 ÷ 4312
0%
288 ÷ 2412
0%
552 ÷ 4612
0%
504 ÷ 4212
0%
300 ÷ 2512
0%
564 ÷ 4712
0%
336 ÷ 2812
0%
492 ÷ 4112
0%
312 ÷ 2612
0%
132 ÷ 1112
0%
480 ÷ 4012
0%
48 ÷ 412
0%
576 ÷ 4812
0%
324 ÷ 2712
0%
240 ÷ 2012
0%
468 ÷ 3912
0%
192 ÷ 1612
0%
588 ÷ 4912
0%
24 ÷ 212
0%
528 ÷ 4412
0%
408 ÷ 3412
0%
108 ÷ 912
0%
84 ÷ 712
0%
156 ÷ 1312
0%
396 ÷ 3312
0%
432 ÷ 3612
0%
360 ÷ 3012
0%
144 ÷ 1212
0%
384 ÷ 3212
0%
372 ÷ 3112
0%
420 ÷ 3512
0%
360 ÷ 3120
0%
600 ÷ 5120
0%
480 ÷ 4120
0%
484 ÷ 4121
0%
363 ÷ 3121
0%
242 ÷ 2121
0%
244 ÷ 2122
0%
488 ÷ 4122
0%
369 ÷ 3123
0%
492 ÷ 4123
0%
248 ÷ 2124
0%
496 ÷ 4124
0%
250 ÷ 2125
0%
375 ÷ 3125
0%
500 ÷ 4125
0%
252 ÷ 2126
0%
378 ÷ 3126
0%
504 ÷ 4126
0%
254 ÷ 2127
0%
508 ÷ 4127
0%
512 ÷ 4128
0%
256 ÷ 2128
0%
387 ÷ 3129
0%
516 ÷ 4129
0%
299 ÷ 2313
0%
52 ÷ 413
0%
286 ÷ 2213
0%
546 ÷ 4213
0%
182 ÷ 1413
0%
156 ÷ 1213
0%
520 ÷ 4013
0%
416 ÷ 3213
0%
325 ÷ 2513
0%
533 ÷ 4113
0%
481 ÷ 3713
0%
26 ÷ 213
0%
390 ÷ 3013
0%
260 ÷ 2013
0%
169 ÷ 1313
0%
572 ÷ 4413
0%
208 ÷ 1613
0%
507 ÷ 3913
0%
312 ÷ 2413
0%
130 ÷ 1013
0%
559 ÷ 4313
0%
494 ÷ 3813
0%
39 ÷ 313
0%
91 ÷ 713
0%
468 ÷ 3613
0%
377 ÷ 2913
0%
65 ÷ 513
0%
598 ÷ 4613
0%
195 ÷ 1513
0%
364 ÷ 2813
0%
429 ÷ 3313
0%
338 ÷ 2613
0%
234 ÷ 1813
0%
143 ÷ 1113
0%
351 ÷ 2713
0%
78 ÷ 613
0%
585 ÷ 4513
0%
442 ÷ 3413
0%
104 ÷ 813
0%
273 ÷ 2113
0%
455 ÷ 3513
0%
390 ÷ 3130
0%
520 ÷ 4130
0%
393 ÷ 3131
0%
262 ÷ 2131
0%
524 ÷ 4131
0%
528 ÷ 4132
0%
264 ÷ 2132
0%
399 ÷ 3133
0%
532 ÷ 4133
0%
536 ÷ 4134
0%
402 ÷ 3134
0%
268 ÷ 2134
0%
405 ÷ 3135
0%
270 ÷ 2135
0%
540 ÷ 4135
0%
272 ÷ 2136
0%
408 ÷ 3136
0%
544 ÷ 4136
0%
411 ÷ 3137
0%
274 ÷ 2137
0%
548 ÷ 4137
0%
414 ÷ 3138
0%
276 ÷ 2138
0%
552 ÷ 4138
0%
556 ÷ 4139
0%
417 ÷ 3139
0%
434 ÷ 3114
0%
378 ÷ 2714
0%
98 ÷ 714
0%
56 ÷ 414
0%
294 ÷ 2114
0%
532 ÷ 3814
0%
266 ÷ 1914
0%
70 ÷ 514
0%
140 ÷ 1014
0%
546 ÷ 3914
0%
154 ÷ 1114
0%
280 ÷ 2014
0%
350 ÷ 2514
0%
182 ÷ 1314
0%
518 ÷ 3714
0%
504 ÷ 3614
0%
448 ÷ 3214
0%
28 ÷ 214
0%
224 ÷ 1614
0%
462 ÷ 3314
0%
476 ÷ 3414
0%
336 ÷ 2414
0%
588 ÷ 4214
0%
238 ÷ 1714
0%
490 ÷ 3514
0%
308 ÷ 2214
0%
252 ÷ 1814
0%
210 ÷ 1514
0%
574 ÷ 4114
0%
42 ÷ 314
0%
322 ÷ 2314
0%
420 ÷ 3014
0%
126 ÷ 914
0%
406 ÷ 2914
0%
364 ÷ 2614
0%
560 ÷ 4014
0%
168 ÷ 1214
0%
84 ÷ 614
0%
112 ÷ 814
0%
280 ÷ 2140
0%
560 ÷ 4140
0%
282 ÷ 2141
0%
564 ÷ 4141
0%
284 ÷ 2142
0%
568 ÷ 4142
0%
572 ÷ 4143
0%
286 ÷ 2143
0%
429 ÷ 3143
0%
432 ÷ 3144
0%
288 ÷ 2144
0%
576 ÷ 4144
0%
290 ÷ 2145
0%
435 ÷ 3145
0%
580 ÷ 4145
0%
584 ÷ 4146
0%
438 ÷ 3146
0%
588 ÷ 4147
0%
294 ÷ 2147
0%
441 ÷ 3147
0%
444 ÷ 3148
0%
296 ÷ 2148
0%
592 ÷ 4148
0%
298 ÷ 2149
0%
596 ÷ 4149
0%
447 ÷ 3149
0%
315 ÷ 2115
0%
330 ÷ 2215
0%
30 ÷ 215
0%
435 ÷ 2915
0%
450 ÷ 3015
0%
510 ÷ 3415
0%
180 ÷ 1215
0%
45 ÷ 315
0%
465 ÷ 3115
0%
375 ÷ 2515
0%
525 ÷ 3515
0%
480 ÷ 3215
0%
360 ÷ 2415
0%
420 ÷ 2815
0%
120 ÷ 815
0%
405 ÷ 2715
0%
495 ÷ 3315
0%
150 ÷ 1015
0%
345 ÷ 2315
0%
285 ÷ 1915
0%
135 ÷ 915
0%
390 ÷ 2615
0%
300 ÷ 2015
0%
90 ÷ 615
0%
555 ÷ 3715
0%
570 ÷ 3815
0%
105 ÷ 715
0%
195 ÷ 1315
0%
540 ÷ 3615
0%
60 ÷ 415
0%
210 ÷ 1415
0%
225 ÷ 1515
0%
255 ÷ 1715
0%
270 ÷ 1815
0%
600 ÷ 4015
0%
240 ÷ 1615
0%
585 ÷ 3915
0%
600 ÷ 4150
0%
300 ÷ 2150
0%
450 ÷ 3150
0%
302 ÷ 2151
0%
453 ÷ 3151
0%
456 ÷ 3152
0%
304 ÷ 2152
0%
306 ÷ 2153
0%
459 ÷ 3153
0%
308 ÷ 2154
0%
462 ÷ 3154
0%
310 ÷ 2155
0%
465 ÷ 3155
0%
468 ÷ 3156
0%
312 ÷ 2156
0%
471 ÷ 3157
0%
314 ÷ 2157
0%
474 ÷ 3158
0%
316 ÷ 2158
0%
477 ÷ 3159
0%
318 ÷ 2159
0%
496 ÷ 3116
0%
512 ÷ 3216
0%
384 ÷ 2416
0%
560 ÷ 3516
0%
176 ÷ 1116
0%
416 ÷ 2616
0%
352 ÷ 2216
0%
304 ÷ 1916
0%
128 ÷ 816
0%
592 ÷ 3716
0%
432 ÷ 2716
0%
144 ÷ 916
0%
80 ÷ 516
0%
336 ÷ 2116
0%
32 ÷ 216
0%
576 ÷ 3616
0%
464 ÷ 2916
0%
320 ÷ 2016
0%
480 ÷ 3016
0%
112 ÷ 716
0%
368 ÷ 2316
0%
240 ÷ 1516
0%
224 ÷ 1416
0%
192 ÷ 1216
0%
544 ÷ 3416
0%
272 ÷ 1716
0%
64 ÷ 416
0%
400 ÷ 2516
0%
448 ÷ 2816
0%
528 ÷ 3316
0%
208 ÷ 1316
0%
96 ÷ 616
0%
288 ÷ 1816
0%
480 ÷ 3160
0%
320 ÷ 2160
0%
322 ÷ 2161
0%
483 ÷ 3161
0%
486 ÷ 3162
0%
326 ÷ 2163
0%
489 ÷ 3163
0%
492 ÷ 3164
0%
328 ÷ 2164
0%
330 ÷ 2165
0%
495 ÷ 3165
0%
498 ÷ 3166
0%
334 ÷ 2167
0%
501 ÷ 3167
0%
504 ÷ 3168
0%
336 ÷ 2168
0%
507 ÷ 3169
0%
338 ÷ 2169
0%
595 ÷ 3517
0%
340 ÷ 2017
0%
391 ÷ 2317
0%
544 ÷ 3217
0%
561 ÷ 3317
0%
34 ÷ 217
0%
119 ÷ 717
0%
493 ÷ 2917
0%
459 ÷ 2717
0%
357 ÷ 2117
0%
153 ÷ 917
0%
85 ÷ 517
0%
187 ÷ 1117
0%
306 ÷ 1817
0%
221 ÷ 1317
0%
374 ÷ 2217
0%
272 ÷ 1617
0%
442 ÷ 2617
0%
289 ÷ 1717
0%
170 ÷ 1017
0%
408 ÷ 2417
0%
510 ÷ 3017
0%
51 ÷ 317
0%
425 ÷ 2517
0%
136 ÷ 817
0%
476 ÷ 2817
0%
578 ÷ 3417
0%
323 ÷ 1917
0%
102 ÷ 617
0%
68 ÷ 417
0%
204 ÷ 1217
0%
527 ÷ 3117
0%
255 ÷ 1517
0%
510 ÷ 3170
0%
513 ÷ 3171
0%
342 ÷ 2171
0%
516 ÷ 3172
0%
346 ÷ 2173
0%
522 ÷ 3174
0%
348 ÷ 2174
0%
525 ÷ 3175
0%
350 ÷ 2175
0%
352 ÷ 2176
0%
528 ÷ 3176
0%
531 ÷ 3177
0%
354 ÷ 2177
0%
356 ÷ 2178
0%
537 ÷ 3179
0%
342 ÷ 1918
0%
576 ÷ 3218
0%
486 ÷ 2718
0%
126 ÷ 718
0%
540 ÷ 3018
0%
360 ÷ 2018
0%
270 ÷ 1518
0%
306 ÷ 1718
0%
450 ÷ 2518
0%
36 ÷ 218
0%
558 ÷ 3118
0%
522 ÷ 2918
0%
162 ÷ 918
0%
108 ÷ 618
0%
468 ÷ 2618
0%
378 ÷ 2118
0%
90 ÷ 518
0%
198 ÷ 1118
0%
414 ÷ 2318
0%
324 ÷ 1818
0%
144 ÷ 818
0%
72 ÷ 418
0%
432 ÷ 2418
0%
594 ÷ 3318
0%
396 ÷ 2218
0%
504 ÷ 2818
0%
252 ÷ 1418
0%
288 ÷ 1618
0%
543 ÷ 3181
0%
362 ÷ 2181
0%
546 ÷ 3182
0%
364 ÷ 2182
0%
366 ÷ 2183
0%
549 ÷ 3183
0%
552 ÷ 3184
0%
368 ÷ 2184
0%
370 ÷ 2185
0%
555 ÷ 3185
0%
372 ÷ 2186
0%
558 ÷ 3186
0%
561 ÷ 3187
0%
374 ÷ 2187
0%
564 ÷ 3188
0%
376 ÷ 2188
0%
567 ÷ 3189
0%
378 ÷ 2189
0%
551 ÷ 2919
0%
475 ÷ 2519
0%
418 ÷ 2219
0%
95 ÷ 519
0%
76 ÷ 419
0%
361 ÷ 1919
0%
171 ÷ 919
0%
494 ÷ 2619
0%
589 ÷ 3119
0%
209 ÷ 1119
0%
304 ÷ 1619
0%
513 ÷ 2719
0%
532 ÷ 2819
0%
285 ÷ 1519
0%
399 ÷ 2119
0%
38 ÷ 219
0%
114 ÷ 619
0%
437 ÷ 2319
0%
380 ÷ 2019
0%
342 ÷ 1819
0%
323 ÷ 1719
0%
133 ÷ 719
0%
456 ÷ 2419
0%
190 ÷ 1019
0%
228 ÷ 1219
0%
247 ÷ 1319
0%
152 ÷ 819
0%
570 ÷ 3190
0%
380 ÷ 2190
0%
382 ÷ 2191
0%
573 ÷ 3191
0%
576 ÷ 3192
0%
384 ÷ 2192
0%
386 ÷ 2193
0%
579 ÷ 3193
0%
582 ÷ 3194
0%
388 ÷ 2194
0%
390 ÷ 2195
0%
588 ÷ 3196
0%
392 ÷ 2196
0%
591 ÷ 3197
0%
394 ÷ 2197
0%
594 ÷ 3198
0%
396 ÷ 2198
0%
398 ÷ 2199
0%
597 ÷ 3199
0%
16 ÷ 82
0%
6 ÷ 32
0%
50 ÷ 252
0%
22 ÷ 112
0%
86 ÷ 432
0%
70 ÷ 352
0%
56 ÷ 282
0%
88 ÷ 442
0%
44 ÷ 222
0%
90 ÷ 452
0%
14 ÷ 72
0%
100 ÷ 502
0%
72 ÷ 362
0%
60 ÷ 302
0%
94 ÷ 472
0%
52 ÷ 262
0%
68 ÷ 342
0%
96 ÷ 482
0%
28 ÷ 142
0%
12 ÷ 62
0%
54 ÷ 272
0%
4 ÷ 22
0%
98 ÷ 492
0%
34 ÷ 172
0%
42 ÷ 212
0%
80 ÷ 402
0%
48 ÷ 242
0%
38 ÷ 192
0%
20 ÷ 102
0%
8 ÷ 42
0%
84 ÷ 422
0%
24 ÷ 122
0%
58 ÷ 292
0%
76 ÷ 382
0%
32 ÷ 162
0%
74 ÷ 372
0%
78 ÷ 392
0%
82 ÷ 412
0%
80 ÷ 420
0%
260 ÷ 1320
0%
200 ÷ 1020
0%
280 ÷ 1420
0%
60 ÷ 320
0%
380 ÷ 1920
0%
420 ÷ 2120
0%
320 ÷ 1620
0%
480 ÷ 2420
0%
100 ÷ 520
0%
360 ÷ 1820
0%
540 ÷ 2720
0%
580 ÷ 2920
0%
160 ÷ 820
0%
460 ÷ 2320
0%
180 ÷ 920
0%
220 ÷ 1120
0%
300 ÷ 1520
0%
520 ÷ 2620
0%
500 ÷ 2520
0%
40 ÷ 220
0%
240 ÷ 1220
0%
600 ÷ 3020
0%
140 ÷ 720
0%
560 ÷ 2820
0%
600 ÷ 3200
0%
400 ÷ 2200
0%
402 ÷ 2201
0%
404 ÷ 2202
0%
406 ÷ 2203
0%
408 ÷ 2204
0%
410 ÷ 2205
0%
412 ÷ 2206
0%
414 ÷ 2207
0%
416 ÷ 2208
0%
418 ÷ 2209
0%
357 ÷ 1721
0%
441 ÷ 2121
0%
147 ÷ 721
0%
420 ÷ 2021
0%
42 ÷ 221
0%
378 ÷ 1821
0%
84 ÷ 421
0%
105 ÷ 521
0%
210 ÷ 1021
0%
273 ÷ 1321
0%
399 ÷ 1921
0%
126 ÷ 621
0%
252 ÷ 1221
0%
336 ÷ 1621
0%
504 ÷ 2421
0%
567 ÷ 2721
0%
315 ÷ 1521
0%
294 ÷ 1421
0%
483 ÷ 2321
0%
189 ÷ 921
0%
546 ÷ 2621
0%
525 ÷ 2521
0%
462 ÷ 2221
0%
168 ÷ 821
0%
231 ÷ 1121
0%
420 ÷ 2210
0%
422 ÷ 2211
0%
424 ÷ 2212
0%
430 ÷ 2215
0%
434 ÷ 2217
0%
436 ÷ 2218
0%
438 ÷ 2219
0%
110 ÷ 522
0%
198 ÷ 922
0%
594 ÷ 2722
0%
528 ÷ 2422
0%
462 ÷ 2122
0%
396 ÷ 1822
0%
242 ÷ 1122
0%
132 ÷ 622
0%
264 ÷ 1222
0%
374 ÷ 1722
0%
88 ÷ 422
0%
550 ÷ 2522
0%
484 ÷ 2222
0%
352 ÷ 1622
0%
66 ÷ 322
0%
506 ÷ 2322
0%
572 ÷ 2622
0%
154 ÷ 722
0%
308 ÷ 1422
0%
176 ÷ 822
0%
418 ÷ 1922
0%
44 ÷ 222
0%
440 ÷ 2220
0%
442 ÷ 2221
0%
444 ÷ 2222
0%
446 ÷ 2223
0%
448 ÷ 2224
0%
450 ÷ 2225
0%
452 ÷ 2226
0%
456 ÷ 2228
0%
458 ÷ 2229
0%
230 ÷ 1023
0%
414 ÷ 1823
0%
483 ÷ 2123
0%
161 ÷ 723
0%
575 ÷ 2523
0%
46 ÷ 223
0%
506 ÷ 2223
0%
391 ÷ 1723
0%
598 ÷ 2623
0%
69 ÷ 323
0%
253 ÷ 1123
0%
299 ÷ 1323
0%
92 ÷ 423
0%
460 ÷ 2023
0%
207 ÷ 923
0%
115 ÷ 523
0%
345 ÷ 1523
0%
184 ÷ 823
0%
552 ÷ 2423
0%
437 ÷ 1923
0%
138 ÷ 623
0%
368 ÷ 1623
0%
529 ÷ 2323
0%
322 ÷ 1423
0%
276 ÷ 1223
0%
460 ÷ 2230
0%
462 ÷ 2231
0%
466 ÷ 2233
0%
468 ÷ 2234
0%
470 ÷ 2235
0%
472 ÷ 2236
0%
474 ÷ 2237
0%
476 ÷ 2238
0%
478 ÷ 2239
0%
72 ÷ 324
0%
168 ÷ 724
0%
384 ÷ 1624
0%
552 ÷ 2324
0%
288 ÷ 1224
0%
408 ÷ 1724
0%
432 ÷ 1824
0%
504 ÷ 2124
0%
456 ÷ 1924
0%
528 ÷ 2224
0%
336 ÷ 1424
0%
216 ÷ 924
0%
360 ÷ 1524
0%
264 ÷ 1124
0%
576 ÷ 2424
0%
192 ÷ 824
0%
96 ÷ 424
0%
144 ÷ 624
0%
600 ÷ 2524
0%
312 ÷ 1324
0%
480 ÷ 2240
0%
482 ÷ 2241
0%
484 ÷ 2242
0%
488 ÷ 2244
0%
490 ÷ 2245
0%
492 ÷ 2246
0%
494 ÷ 2247
0%
498 ÷ 2249
0%
350 ÷ 1425
0%
400 ÷ 1625
0%
550 ÷ 2225
0%
225 ÷ 925
0%
525 ÷ 2125
0%
150 ÷ 625
0%
200 ÷ 825
0%
600 ÷ 2425
0%
450 ÷ 1825
0%
275 ÷ 1125
0%
300 ÷ 1225
0%
575 ÷ 2325
0%
125 ÷ 525
0%
375 ÷ 1525
0%
475 ÷ 1925
0%
175 ÷ 725
0%
500 ÷ 2025
0%
50 ÷ 225
0%
75 ÷ 325
0%
325 ÷ 1325
0%
425 ÷ 1725
0%
500 ÷ 2250
0%
502 ÷ 2251
0%
504 ÷ 2252
0%
506 ÷ 2253
0%
508 ÷ 2254
0%
510 ÷ 2255
0%
512 ÷ 2256
0%
514 ÷ 2257
0%
516 ÷ 2258
0%
518 ÷ 2259
0%
104 ÷ 426
0%
598 ÷ 2326
0%
468 ÷ 1826
0%
364 ÷ 1426
0%
234 ÷ 926
0%
260 ÷ 1026
0%
78 ÷ 326
0%
416 ÷ 1626
0%
390 ÷ 1526
0%
442 ÷ 1726
0%
338 ÷ 1326
0%
130 ÷ 526
0%
156 ÷ 626
0%
546 ÷ 2126
0%
494 ÷ 1926
0%
312 ÷ 1226
0%
52 ÷ 226
0%
182 ÷ 726
0%
286 ÷ 1126
0%
572 ÷ 2226
0%
520 ÷ 2260
0%
522 ÷ 2261
0%
524 ÷ 2262
0%
526 ÷ 2263
0%
530 ÷ 2265
0%
532 ÷ 2266
0%
534 ÷ 2267
0%
536 ÷ 2268
0%
538 ÷ 2269
0%
432 ÷ 1627
0%
216 ÷ 827
0%
351 ÷ 1327
0%
594 ÷ 2227
0%
459 ÷ 1727
0%
540 ÷ 2027
0%
297 ÷ 1127
0%
405 ÷ 1527
0%
567 ÷ 2127
0%
108 ÷ 427
0%
324 ÷ 1227
0%
270 ÷ 1027
0%
54 ÷ 227
0%
135 ÷ 527
0%
513 ÷ 1927
0%
378 ÷ 1427
0%
243 ÷ 927
0%
486 ÷ 1827
0%
189 ÷ 727
0%
540 ÷ 2270
0%
542 ÷ 2271
0%
546 ÷ 2273
0%
548 ÷ 2274
0%
550 ÷ 2275
0%
552 ÷ 2276
0%
554 ÷ 2277
0%
556 ÷ 2278
0%
558 ÷ 2279
0%
560 ÷ 2028
0%
504 ÷ 1828
0%
336 ÷ 1228
0%
420 ÷ 1528
0%
224 ÷ 828
0%
252 ÷ 928
0%
56 ÷ 228
0%
112 ÷ 428
0%
588 ÷ 2128
0%
168 ÷ 628
0%
476 ÷ 1728
0%
448 ÷ 1628
0%
392 ÷ 1428
0%
140 ÷ 528
0%
308 ÷ 1128
0%
280 ÷ 1028
0%
532 ÷ 1928
0%
560 ÷ 2280
0%
562 ÷ 2281
0%
566 ÷ 2283
0%
568 ÷ 2284
0%
570 ÷ 2285
0%
574 ÷ 2287
0%
576 ÷ 2288
0%
578 ÷ 2289
0%
348 ÷ 1229
0%
290 ÷ 1029
0%
522 ÷ 1829
0%
377 ÷ 1329
0%
58 ÷ 229
0%
580 ÷ 2029
0%
435 ÷ 1529
0%
493 ÷ 1729
0%
232 ÷ 829
0%
87 ÷ 329
0%
174 ÷ 629
0%
551 ÷ 1929
0%
319 ÷ 1129
0%
261 ÷ 929
0%
464 ÷ 1629
0%
203 ÷ 729
0%
406 ÷ 1429
0%
580 ÷ 2290
0%
582 ÷ 2291
0%
586 ÷ 2293
0%
588 ÷ 2294
0%
590 ÷ 2295
0%
592 ÷ 2296
0%
594 ÷ 2297
0%
596 ÷ 2298
0%
598 ÷ 2299
0%
60 ÷ 203
0%
9 ÷ 33
0%
6 ÷ 23
0%
21 ÷ 73
0%
45 ÷ 153
0%
141 ÷ 473
0%
15 ÷ 53
0%
30 ÷ 103
0%
126 ÷ 423
0%
57 ÷ 193
0%
120 ÷ 403
0%
102 ÷ 343
0%
90 ÷ 303
0%
114 ÷ 383
0%
33 ÷ 113
0%
93 ÷ 313
0%
135 ÷ 453
0%
12 ÷ 43
0%
96 ÷ 323
0%
27 ÷ 93
0%
36 ÷ 123
0%
138 ÷ 463
0%
99 ÷ 333
0%
117 ÷ 393
0%
75 ÷ 253
0%
51 ÷ 173
0%
63 ÷ 213
0%
108 ÷ 363
0%
54 ÷ 183
0%
147 ÷ 493
0%
78 ÷ 263
0%
42 ÷ 143
0%
105 ÷ 353
0%
123 ÷ 413
0%
81 ÷ 273
0%
111 ÷ 373
0%
48 ÷ 163
0%
18 ÷ 63
0%
39 ÷ 133
0%
69 ÷ 233
0%
144 ÷ 483
0%
84 ÷ 283
0%
72 ÷ 243
0%
420 ÷ 1430
0%
180 ÷ 630
0%
330 ÷ 1130
0%
90 ÷ 330
0%
540 ÷ 1830
0%
210 ÷ 730
0%
300 ÷ 1030
0%
270 ÷ 930
0%
60 ÷ 230
0%
360 ÷ 1230
0%
570 ÷ 1930
0%
240 ÷ 830
0%
450 ÷ 1530
0%
390 ÷ 1330
0%
510 ÷ 1730
0%
480 ÷ 1630
0%
600 ÷ 2300
0%
434 ÷ 1431
0%
124 ÷ 431
0%
186 ÷ 631
0%
248 ÷ 831
0%
465 ÷ 1531
0%
62 ÷ 231
0%
558 ÷ 1831
0%
279 ÷ 931
0%
341 ÷ 1131
0%
372 ÷ 1231
0%
403 ÷ 1331
0%
93 ÷ 331
0%
527 ÷ 1731
0%
589 ÷ 1931
0%
496 ÷ 1631
0%
544 ÷ 1732
0%
416 ÷ 1332
0%
576 ÷ 1832
0%
384 ÷ 1232
0%
256 ÷ 832
0%
288 ÷ 932
0%
128 ÷ 432
0%
224 ÷ 732
0%
96 ÷ 332
0%
512 ÷ 1632
0%
320 ÷ 1032
0%
160 ÷ 532
0%
448 ÷ 1432
0%
192 ÷ 632
0%
480 ÷ 1532
0%
561 ÷ 1733
0%
264 ÷ 833
0%
165 ÷ 533
0%
462 ÷ 1433
0%
297 ÷ 933
0%
363 ÷ 1133
0%
99 ÷ 333
0%
330 ÷ 1033
0%
198 ÷ 633
0%
231 ÷ 733
0%
594 ÷ 1833
0%
495 ÷ 1533
0%
528 ÷ 1633
0%
429 ÷ 1333
0%
396 ÷ 1233
0%
442 ÷ 1334
0%
136 ÷ 434
0%
408 ÷ 1234
0%
170 ÷ 534
0%
374 ÷ 1134
0%
510 ÷ 1534
0%
476 ÷ 1434
0%
544 ÷ 1634
0%
68 ÷ 234
0%
102 ÷ 334
0%
238 ÷ 734
0%
306 ÷ 934
0%
204 ÷ 634
0%
340 ÷ 1034
0%
578 ÷ 1734
0%
272 ÷ 834
0%
210 ÷ 635
0%
490 ÷ 1435
0%
315 ÷ 935
0%
385 ÷ 1135
0%
105 ÷ 335
0%
455 ÷ 1335
0%
245 ÷ 735
0%
70 ÷ 235
0%
175 ÷ 535
0%
280 ÷ 835
0%
140 ÷ 435
0%
420 ÷ 1235
0%
350 ÷ 1035
0%
560 ÷ 1635
0%
576 ÷ 1636
0%
468 ÷ 1336
0%
396 ÷ 1136
0%
432 ÷ 1236
0%
324 ÷ 936
0%
180 ÷ 536
0%
504 ÷ 1436
0%
108 ÷ 336
0%
288 ÷ 836
0%
144 ÷ 436
0%
216 ÷ 636
0%
540 ÷ 1536
0%
72 ÷ 236
0%
252 ÷ 736
0%
555 ÷ 1537
0%
518 ÷ 1437
0%
296 ÷ 837
0%
444 ÷ 1237
0%
111 ÷ 337
0%
74 ÷ 237
0%
592 ÷ 1637
0%
333 ÷ 937
0%
370 ÷ 1037
0%
259 ÷ 737
0%
481 ÷ 1337
0%
185 ÷ 537
0%
148 ÷ 437
0%
407 ÷ 1137
0%
494 ÷ 1338
0%
532 ÷ 1438
0%
304 ÷ 838
0%
570 ÷ 1538
0%
266 ÷ 738
0%
152 ÷ 438
0%
114 ÷ 338
0%
190 ÷ 538
0%
76 ÷ 238
0%
380 ÷ 1038
0%
418 ÷ 1138
0%
342 ÷ 938
0%
456 ÷ 1238
0%
228 ÷ 638
0%
234 ÷ 639
0%
585 ÷ 1539
0%
273 ÷ 739
0%
156 ÷ 439
0%
429 ÷ 1139
0%
468 ÷ 1239
0%
195 ÷ 539
0%
78 ÷ 239
0%
507 ÷ 1339
0%
351 ÷ 939
0%
312 ÷ 839
0%
546 ÷ 1439
0%
117 ÷ 339
0%
188 ÷ 474
0%
184 ÷ 464
0%
52 ÷ 134
0%
64 ÷ 164
0%
156 ÷ 394
0%
132 ÷ 334
0%
124 ÷ 314
0%
108 ÷ 274
0%
68 ÷ 174
0%
32 ÷ 84
0%
196 ÷ 494
0%
72 ÷ 184
0%
136 ÷ 344
0%
76 ÷ 194
0%
12 ÷ 34
0%
180 ÷ 454
0%
8 ÷ 24
0%
80 ÷ 204
0%
20 ÷ 54
0%
84 ÷ 214
0%
148 ÷ 374
0%
172 ÷ 434
0%
176 ÷ 444
0%
104 ÷ 264
0%
200 ÷ 504
0%
100 ÷ 254
0%
96 ÷ 244
0%
152 ÷ 384
0%
128 ÷ 324
0%
40 ÷ 104
0%
144 ÷ 364
0%
48 ÷ 124
0%
16 ÷ 44
0%
192 ÷ 484
0%
120 ÷ 304
0%
24 ÷ 64
0%
140 ÷ 354
0%
56 ÷ 144
0%
116 ÷ 294
0%
112 ÷ 284
0%
36 ÷ 94
0%
164 ÷ 414
0%
60 ÷ 154
0%
28 ÷ 74
0%
168 ÷ 424
0%
160 ÷ 404
0%
440 ÷ 1140
0%
200 ÷ 540
0%
400 ÷ 1040
0%
80 ÷ 240
0%
120 ÷ 340
0%
560 ÷ 1440
0%
480 ÷ 1240
0%
520 ÷ 1340
0%
600 ÷ 1540
0%
280 ÷ 740
0%
533 ÷ 1341
0%
164 ÷ 441
0%
123 ÷ 341
0%
574 ÷ 1441
0%
369 ÷ 941
0%
246 ÷ 641
0%
82 ÷ 241
0%
287 ÷ 741
0%
451 ÷ 1141
0%
328 ÷ 841
0%
205 ÷ 541
0%
492 ÷ 1241
0%
252 ÷ 642
0%
126 ÷ 342
0%
546 ÷ 1342
0%
294 ÷ 742
0%
420 ÷ 1042
0%
462 ÷ 1142
0%
168 ÷ 442
0%
336 ÷ 842
0%
588 ÷ 1442
0%
378 ÷ 942
0%
210 ÷ 542
0%
129 ÷ 343
0%
301 ÷ 743
0%
215 ÷ 543
0%
86 ÷ 243
0%
387 ÷ 943
0%
344 ÷ 843
0%
430 ÷ 1043
0%
172 ÷ 443
0%
258 ÷ 643
0%
559 ÷ 1343
0%
516 ÷ 1243
0%
473 ÷ 1143
0%
88 ÷ 244
0%
176 ÷ 444
0%
264 ÷ 644
0%
220 ÷ 544
0%
572 ÷ 1344
0%
528 ÷ 1244
0%
396 ÷ 944
0%
484 ÷ 1144
0%
308 ÷ 744
0%
352 ÷ 844
0%
132 ÷ 344
0%
440 ÷ 1044
0%
540 ÷ 1245
0%
270 ÷ 645
0%
315 ÷ 745
0%
495 ÷ 1145
0%
450 ÷ 1045
0%
405 ÷ 945
0%
90 ÷ 245
0%
585 ÷ 1345
0%
225 ÷ 545
0%
322 ÷ 746
0%
276 ÷ 646
0%
414 ÷ 946
0%
460 ÷ 1046
0%
552 ÷ 1246
0%
184 ÷ 446
0%
138 ÷ 346
0%
230 ÷ 546
0%
368 ÷ 846
0%
598 ÷ 1346
0%
506 ÷ 1146
0%
188 ÷ 447
0%
141 ÷ 347
0%
235 ÷ 547
0%
517 ÷ 1147
0%
282 ÷ 647
0%
329 ÷ 747
0%
564 ÷ 1247
0%
528 ÷ 1148
0%
480 ÷ 1048
0%
432 ÷ 948
0%
192 ÷ 448
0%
288 ÷ 648
0%
576 ÷ 1248
0%
336 ÷ 748
0%
144 ÷ 348
0%
96 ÷ 248
0%
384 ÷ 848
0%
196 ÷ 449
0%
441 ÷ 949
0%
245 ÷ 549
0%
343 ÷ 749
0%
147 ÷ 349
0%
294 ÷ 649
0%
539 ÷ 1149
0%
588 ÷ 1249
0%
392 ÷ 849
0%
205 ÷ 415
0%
165 ÷ 335
0%
45 ÷ 95
0%
235 ÷ 475
0%
160 ÷ 325
0%
35 ÷ 75
0%
215 ÷ 435
0%
15 ÷ 35
0%
20 ÷ 45
0%
105 ÷ 215
0%
250 ÷ 505
0%
210 ÷ 425
0%
245 ÷ 495
0%
115 ÷ 235
0%
230 ÷ 465
0%
60 ÷ 125
0%
85 ÷ 175
0%
150 ÷ 305
0%
180 ÷ 365
0%
170 ÷ 345
0%
25 ÷ 55
0%
130 ÷ 265
0%
240 ÷ 485
0%
80 ÷ 165
0%
100 ÷ 205
0%
155 ÷ 315
0%
200 ÷ 405
0%
75 ÷ 155
0%
125 ÷ 255
0%
195 ÷ 395
0%
90 ÷ 185
0%
190 ÷ 385
0%
220 ÷ 445
0%
185 ÷ 375
0%
145 ÷ 295
0%
110 ÷ 225
0%
10 ÷ 25
0%
95 ÷ 195
0%
225 ÷ 455
0%
135 ÷ 275
0%
40 ÷ 85
0%
120 ÷ 245
0%
65 ÷ 135
0%
600 ÷ 1250
0%
550 ÷ 1150
0%
350 ÷ 750
0%
500 ÷ 1050
0%
450 ÷ 950
0%
300 ÷ 650
0%
250 ÷ 550
0%
150 ÷ 350
0%
100 ÷ 250
0%
200 ÷ 450
0%
400 ÷ 850
0%
255 ÷ 551
0%
153 ÷ 351
0%
306 ÷ 651
0%
357 ÷ 751
0%
102 ÷ 251
0%
561 ÷ 1151
0%
408 ÷ 851
0%
510 ÷ 1051
0%
459 ÷ 951
0%
204 ÷ 451
0%
468 ÷ 952
0%
364 ÷ 752
0%
312 ÷ 652
0%
572 ÷ 1152
0%
520 ÷ 1052
0%
416 ÷ 852
0%
208 ÷ 452
0%
156 ÷ 352
0%
583 ÷ 1153
0%
265 ÷ 553
0%
106 ÷ 253
0%
530 ÷ 1053
0%
212 ÷ 453
0%
424 ÷ 853
0%
318 ÷ 653
0%
477 ÷ 953
0%
371 ÷ 753
0%
270 ÷ 554
0%
432 ÷ 854
0%
486 ÷ 954
0%
594 ÷ 1154
0%
108 ÷ 254
0%
324 ÷ 654
0%
378 ÷ 754
0%
110 ÷ 255
0%
385 ÷ 755
0%
165 ÷ 355
0%
330 ÷ 655
0%
275 ÷ 555
0%
440 ÷ 855
0%
560 ÷ 1056
0%
392 ÷ 756
0%
448 ÷ 856
0%
336 ÷ 656
0%
168 ÷ 356
0%
504 ÷ 956
0%
171 ÷ 357
0%
342 ÷ 657
0%
513 ÷ 957
0%
114 ÷ 257
0%
399 ÷ 757
0%
285 ÷ 557
0%
456 ÷ 857
0%
228 ÷ 457
0%
464 ÷ 858
0%
290 ÷ 558
0%
348 ÷ 658
0%
580 ÷ 1058
0%
232 ÷ 458
0%
522 ÷ 958
0%
116 ÷ 258
0%
174 ÷ 358
0%
590 ÷ 1059
0%
177 ÷ 359
0%
118 ÷ 259
0%
472 ÷ 859
0%
295 ÷ 559
0%
531 ÷ 959
0%
354 ÷ 659
0%
413 ÷ 759
0%
114 ÷ 196
0%
24 ÷ 46
0%
150 ÷ 256
0%
60 ÷ 106
0%
246 ÷ 416
0%
300 ÷ 506
0%
264 ÷ 446
0%
192 ÷ 326
0%
174 ÷ 296
0%
36 ÷ 66
0%
222 ÷ 376
0%
42 ÷ 76
0%
138 ÷ 236
0%
252 ÷ 426
0%
66 ÷ 116
0%
258 ÷ 436
0%
144 ÷ 246
0%
240 ÷ 406
0%
228 ÷ 386
0%
162 ÷ 276
0%
156 ÷ 266
0%
96 ÷ 166
0%
270 ÷ 456
0%
282 ÷ 476
0%
294 ÷ 496
0%
126 ÷ 216
0%
288 ÷ 486
0%
90 ÷ 156
0%
18 ÷ 36
0%
54 ÷ 96
0%
120 ÷ 206
0%
102 ÷ 176
0%
84 ÷ 146
0%
276 ÷ 466
0%
72 ÷ 126
0%
216 ÷ 366
0%
30 ÷ 56
0%
132 ÷ 226
0%
108 ÷ 186
0%
210 ÷ 356
0%
78 ÷ 136
0%
48 ÷ 86
0%
12 ÷ 26
0%
600 ÷ 1060
0%
120 ÷ 260
0%
540 ÷ 960
0%
180 ÷ 360
0%
240 ÷ 460
0%
480 ÷ 860
0%
360 ÷ 660
0%
300 ÷ 560
0%
549 ÷ 961
0%
183 ÷ 361
0%
244 ÷ 461
0%
427 ÷ 761
0%
305 ÷ 561
0%
186 ÷ 362
0%
372 ÷ 662
0%
496 ÷ 862
0%
248 ÷ 462
0%
310 ÷ 562
0%
124 ÷ 262
0%
558 ÷ 962
0%
126 ÷ 263
0%
315 ÷ 563
0%
504 ÷ 863
0%
441 ÷ 763
0%
567 ÷ 963
0%
189 ÷ 363
0%
378 ÷ 663
0%
512 ÷ 864
0%
448 ÷ 764
0%
320 ÷ 564
0%
576 ÷ 964
0%
384 ÷ 664
0%
256 ÷ 464
0%
192 ÷ 364
0%
130 ÷ 265
0%
195 ÷ 365
0%
325 ÷ 565
0%
585 ÷ 965
0%
390 ÷ 665
0%
455 ÷ 765
0%
520 ÷ 865
0%
396 ÷ 666
0%
462 ÷ 766
0%
198 ÷ 366
0%
594 ÷ 966
0%
264 ÷ 466
0%
330 ÷ 566
0%
528 ÷ 866
0%
268 ÷ 467
0%
134 ÷ 267
0%
201 ÷ 367
0%
536 ÷ 867
0%
402 ÷ 667
0%
335 ÷ 567
0%
469 ÷ 767
0%
476 ÷ 768
0%
136 ÷ 268
0%
544 ÷ 868
0%
340 ÷ 568
0%
408 ÷ 668
0%
204 ÷ 368
0%
272 ÷ 468
0%
207 ÷ 369
0%
138 ÷ 269
0%
345 ÷ 569
0%
276 ÷ 469
0%
552 ÷ 869
0%
483 ÷ 769
0%
414 ÷ 669
0%
175 ÷ 257
0%
294 ÷ 427
0%
315 ÷ 457
0%
91 ÷ 137
0%
238 ÷ 347
0%
287 ÷ 417
0%
245 ÷ 357
0%
21 ÷ 37
0%
140 ÷ 207
0%
308 ÷ 447
0%
210 ÷ 307
0%
98 ÷ 147
0%
14 ÷ 27
0%
161 ÷ 237
0%
168 ÷ 247
0%
133 ÷ 197
0%
259 ÷ 377
0%
35 ÷ 57
0%
231 ÷ 337
0%
273 ÷ 397
0%
147 ÷ 217
0%
224 ÷ 327
0%
77 ÷ 117
0%
63 ÷ 97
0%
343 ÷ 497
0%
126 ÷ 187
0%
217 ÷ 317
0%
42 ÷ 67
0%
336 ÷ 487
0%
196 ÷ 287
0%
119 ÷ 177
0%
182 ÷ 267
0%
70 ÷ 107
0%
301 ÷ 437
0%
329 ÷ 477
0%
105 ÷ 157
0%
266 ÷ 387
0%
154 ÷ 227
0%
189 ÷ 277
0%
112 ÷ 167
0%
322 ÷ 467
0%
280 ÷ 407
0%
84 ÷ 127
0%
350 ÷ 507
0%
28 ÷ 47
0%
252 ÷ 367
0%
140 ÷ 270
0%
420 ÷ 670
0%
560 ÷ 870
0%
350 ÷ 570
0%
280 ÷ 470
0%
426 ÷ 671
0%
497 ÷ 771
0%
355 ÷ 571
0%
142 ÷ 271
0%
213 ÷ 371
0%
568 ÷ 871
0%
576 ÷ 872
0%
504 ÷ 772
0%
360 ÷ 572
0%
288 ÷ 472
0%
144 ÷ 272
0%
432 ÷ 672
0%
216 ÷ 372
0%
219 ÷ 373
0%
292 ÷ 473
0%
584 ÷ 873
0%
146 ÷ 273
0%
365 ÷ 573
0%
438 ÷ 673
0%
511 ÷ 773
0%
222 ÷ 374
0%
592 ÷ 874
0%
148 ÷ 274
0%
518 ÷ 774
0%
296 ÷ 474
0%
444 ÷ 674
0%
525 ÷ 775
0%
600 ÷ 875
0%
225 ÷ 375
0%
300 ÷ 475
0%
450 ÷ 675
0%
152 ÷ 276
0%
456 ÷ 676
0%
228 ÷ 376
0%
380 ÷ 576
0%
532 ÷ 776
0%
304 ÷ 476
0%
462 ÷ 677
0%
154 ÷ 277
0%
539 ÷ 777
0%
231 ÷ 377
0%
308 ÷ 477
0%
385 ÷ 577
0%
312 ÷ 478
0%
468 ÷ 678
0%
390 ÷ 578
0%
234 ÷ 378
0%
546 ÷ 778
0%
156 ÷ 278
0%
316 ÷ 479
0%
395 ÷ 579
0%
474 ÷ 679
0%
158 ÷ 279
0%
553 ÷ 779
0%
237 ÷ 379
0%
224 ÷ 288
0%
344 ÷ 438
0%
152 ÷ 198
0%
376 ÷ 478
0%
264 ÷ 338
0%
168 ÷ 218
0%
136 ÷ 178
0%
304 ÷ 388
0%
128 ÷ 168
0%
336 ÷ 428
0%
312 ÷ 398
0%
184 ÷ 238
0%
32 ÷ 48
0%
72 ÷ 98
0%
296 ÷ 378
0%
288 ÷ 368
0%
104 ÷ 138
0%
88 ÷ 118
0%
200 ÷ 258
0%
392 ÷ 498
0%
280 ÷ 358
0%
328 ÷ 418
0%
96 ÷ 128
0%
80 ÷ 108
0%
216 ÷ 278
0%
384 ÷ 488
0%
272 ÷ 348
0%
208 ÷ 268
0%
320 ÷ 408
0%
176 ÷ 228
0%
120 ÷ 158
0%
360 ÷ 458
0%
16 ÷ 28
0%
368 ÷ 468
0%
232 ÷ 298
0%
256 ÷ 328
0%
112 ÷ 148
0%
352 ÷ 448
0%
56 ÷ 78
0%
240 ÷ 308
0%
248 ÷ 318
0%
24 ÷ 38
0%
144 ÷ 188
0%
160 ÷ 280
0%
320 ÷ 480
0%
560 ÷ 780
0%
240 ÷ 380
0%
567 ÷ 781
0%
405 ÷ 581
0%
243 ÷ 381
0%
486 ÷ 681
0%
324 ÷ 481
0%
164 ÷ 282
0%
492 ÷ 682
0%
574 ÷ 782
0%
328 ÷ 482
0%
246 ÷ 382
0%
410 ÷ 582
0%
415 ÷ 583
0%
581 ÷ 783
0%
498 ÷ 683
0%
249 ÷ 383
0%
166 ÷ 283
0%
332 ÷ 483
0%
336 ÷ 484
0%
504 ÷ 684
0%
588 ÷ 784
0%
420 ÷ 584
0%
168 ÷ 284
0%
425 ÷ 585
0%
340 ÷ 485
0%
255 ÷ 385
0%
595 ÷ 785
0%
170 ÷ 285
0%
510 ÷ 685
0%
430 ÷ 586
0%
344 ÷ 486
0%
516 ÷ 686
0%
172 ÷ 286
0%
435 ÷ 587
0%
522 ÷ 687
0%
174 ÷ 287
0%
261 ÷ 387
0%
348 ÷ 487
0%
352 ÷ 488
0%
528 ÷ 688
0%
440 ÷ 588
0%
176 ÷ 288
0%
264 ÷ 388
0%
356 ÷ 489
0%
534 ÷ 689
0%
267 ÷ 389
0%
178 ÷ 289
0%
445 ÷ 589
0%
396 ÷ 449
0%
360 ÷ 409
0%
306 ÷ 349
0%
441 ÷ 499
0%
99 ÷ 119
0%
171 ÷ 199
0%
387 ÷ 439
0%
288 ÷ 329
0%
243 ÷ 279
0%
153 ÷ 179
0%
405 ÷ 459
0%
162 ÷ 189
0%
432 ÷ 489
0%
126 ÷ 149
0%
207 ÷ 239
0%
36 ÷ 49
0%
315 ÷ 359
0%
297 ÷ 339
0%
18 ÷ 29
0%
234 ÷ 269
0%
225 ÷ 259
0%
324 ÷ 369
0%
135 ÷ 159
0%
27 ÷ 39
0%
108 ÷ 129
0%
378 ÷ 429
0%
198 ÷ 229
0%
81 ÷ 99
0%
54 ÷ 69
0%
270 ÷ 309
0%
351 ÷ 399
0%
45 ÷ 59
0%
333 ÷ 379
0%
342 ÷ 389
0%
414 ÷ 469
0%
117 ÷ 139
0%
369 ÷ 419
0%
261 ÷ 299
0%
216 ÷ 249
0%
450 ÷ 509
0%
279 ÷ 319
0%
189 ÷ 219
0%
180 ÷ 290
0%
270 ÷ 390
0%
450 ÷ 590
0%
364 ÷ 491
0%
546 ÷ 691
0%
273 ÷ 391
0%
455 ÷ 591
0%
182 ÷ 291
0%
368 ÷ 492
0%
552 ÷ 692
0%
276 ÷ 392
0%
460 ÷ 592
0%
186 ÷ 293
0%
279 ÷ 393
0%
558 ÷ 693
0%
465 ÷ 593
0%
470 ÷ 594
0%
376 ÷ 494
0%
564 ÷ 694
0%
282 ÷ 394
0%
380 ÷ 495
0%
190 ÷ 295
0%
475 ÷ 595
0%
285 ÷ 395
0%
570 ÷ 695
0%
480 ÷ 596
0%
288 ÷ 396
0%
384 ÷ 496
0%
576 ÷ 696
0%
582 ÷ 697
0%
194 ÷ 297
0%
291 ÷ 397
0%
388 ÷ 497
0%
485 ÷ 597
0%
588 ÷ 698
0%
196 ÷ 298
0%
490 ÷ 598
0%
297 ÷ 399
0%
495 ÷ 599
0%
594 ÷ 699
0%
396 ÷ 499
0%
198 ÷ 299
0%

Score Distribution

Percentile by Number Answered

Percent of People with Each Score

Your Score History

You have not taken this quiz